000 013210000a22002170004500
020 _a84-254-1416-4
041 0 _aSPA
082 0 4 _aG 121 S669m
100 1 _aSánchez Meca, Diego
245 1 0 _aMartin Buber : Fundamento existencial de la intercomunicación / Diego Sánchez Meca
260 _aBarcelona, España: Herder
300 _a199 Pag.
440 0 _aBiblioteca Herder : Filosofía
505 0 0 _ainsuficiencia de la deducción trascendental del otro a partir de la razón pura -- insuficiencia de la deducción trascendental del otro a partir de la razón práctica -- el pensamiento dialógico frente a los límites de la filosofía trascendental -- la filosofía de Martin Buber y la teoría contemporánea del conocimiento -- la evolución del pensamiento buberiano: genealogía de la intuición dialógica -- la distinción fundamental entre experiencia y encuentro -- la ontología fundamental del "zwishen" -- una antropología filosófica como explicitación del principio dialógico -- el "conocimiento" del otro como conocimiento metafísico -- el acceso al otro en la verdad como existencia auténtica
650 1 4 _aBUBER, MARTIN, 1878-1965.
001 619
942 _cBK
999 _c32120
_d32120
336 _atexto
_btxt
_2rdacontent
337 _2rdamedia
_asin mediación
_bn
338 _2rdacarrier
_avolumen
_bnc